<?xml version="1.0" encoding="UTF-8"?>
<collection xmlns:xsi="http://www.w3.org/2001/XMLSchema-instance" xsi:schemaLocation="http://www.loc.gov/MARC21/slim http://www.loc.gov/standards/marcxml/schema/MARC21slim.xsd" xmlns="http://www.loc.gov/MARC21/slim">
 <record>
  <leader>00000ctm a22000003a 4500</leader>
  <controlfield tag="001">UP-99796217611094627</controlfield>
  <controlfield tag="003">Buklod</controlfield>
  <controlfield tag="005">20140127135210.0</controlfield>
  <controlfield tag="006">a    grb    001 u|</controlfield>
  <controlfield tag="007">ta</controlfield>
  <controlfield tag="008">140127s2004    xx     d     r    |||| u|</controlfield>
  <datafield tag="035" ind1=" " ind2=" ">
   <subfield code="a">(iLib)UPD-00212403892</subfield>
  </datafield>
  <datafield tag="040" ind1=" " ind2=" ">
   <subfield code="a">DENG</subfield>
  </datafield>
  <datafield tag="041" ind1=" " ind2=" ">
   <subfield code="a">eng</subfield>
  </datafield>
  <datafield tag="090" ind1=" " ind2=" ">
   <subfield code="a">LG 993 2004 E66</subfield>
   <subfield code="b">I54</subfield>
  </datafield>
  <datafield tag="245" ind1="0" ind2="3">
   <subfield code="a">An Industrial system analysis and design on Good Hope Tapes Inc.</subfield>
   <subfield code="c">Robert Jerome Capili...[et. al].</subfield>
  </datafield>
  <datafield tag="264" ind1=" " ind2="1">
   <subfield code="a">Diliman, Quezon City</subfield>
   <subfield code="b">College of Engineering</subfield>
   <subfield code="c">2004</subfield>
  </datafield>
  <datafield tag="300" ind1=" " ind2=" ">
   <subfield code="a">84 leaves</subfield>
  </datafield>
  <datafield tag="500" ind1=" " ind2=" ">
   <subfield code="a">Feasibility study</subfield>
  </datafield>
  <datafield tag="506" ind1=" " ind2=" ">
   <subfield code="a">Access exclusively for UP IE students. Written permission required from the department head for NON-IE and NON-UP students or researchers</subfield>
  </datafield>
  <datafield tag="508" ind1=" " ind2=" ">
   <subfield code="a">Submitted in partial fulfillment of the course requirements in IE 155 : Industrial Systems Design</subfield>
  </datafield>
  <datafield tag="520" ind1=" " ind2=" ">
   <subfield code="a">Good Hope Tapes, Incorporated (GHTI), is a manufacturer of high quality stationary and packing tapes. GHTI aims to provide the consumers with customized, high quality tapes at affordable prices. It is the company's mission to be a world class corporation preferred by their business partners in effectively answering their needs for packaging tapes used for packaging products. The objective of this project study is to conduct a total systems study which includes the determination of the company's problem areas, the generation of solutions and recommendations and the generation of a feasible implementation plan to serve as a guideline for the company. The major direction that Good Hope Tapes, Inc. wants to pursue is to maintain sustainable operations for the years to come. A financial analysis of GHTI was performed. The analysis aided in the determination of problem areas. A SWOT analysis was then performed, and after evaluating the strengths, weaknesses, opportunities and threats across each other, a general idea of what had to be done was determined. To increase sales, the acquisition of a sales outfit was studied. A Net Present Value of PHP 3,818,568 was computed using a MARR of 20% over a five-year period. This measure proves that it would be profitable for the company to invest in the sales outfit. In the improvement of the inventory planning of the company, a Q-system for the company's inventory will reduce costs by 27.16% or PHP 905,188 and would support in achieving its goal of having low cost operations. Reducing waste and by maximizing the number of rolls of tape that could be produced from one jumbo roll can be achieved by creating additional racks By investing in the construction of the racks, an additional annual revenue of PHP 1,235,520 could be realized. Lastly, for environmental sustainability, it is recommended that the company invest in a new waste water treatment facility. This would not only comply with local ordinances but also reduces negative impacts on the environment.</subfield>
  </datafield>
  <datafield tag="610" ind1="0" ind2="4">
   <subfield code="a">Good Hope Tapes, Incorporated (GHTI)</subfield>
  </datafield>
  <datafield tag="650" ind1=" " ind2="0">
   <subfield code="a">Adhesives industry.</subfield>
  </datafield>
  <datafield tag="650" ind1=" " ind2="0">
   <subfield code="a">System design.</subfield>
  </datafield>
  <datafield tag="658" ind1=" " ind2=" ">
   <subfield code="a">Industrial Systems Design</subfield>
   <subfield code="c">IE 155.</subfield>
  </datafield>
  <datafield tag="700" ind1="1" ind2=" ">
   <subfield code="a">Capili, Robert Jerome.</subfield>
  </datafield>
  <datafield tag="700" ind1="1" ind2=" ">
   <subfield code="a">Castro, Karlo Eugene Josef.</subfield>
  </datafield>
  <datafield tag="700" ind1="1" ind2=" ">
   <subfield code="a">Herrin, Mark Andrew.</subfield>
  </datafield>
  <datafield tag="700" ind1="1" ind2=" ">
   <subfield code="a">Ofrecio, Leandro.</subfield>
  </datafield>
  <datafield tag="905" ind1=" " ind2=" ">
   <subfield code="a">FI</subfield>
  </datafield>
  <datafield tag="905" ind1=" " ind2=" ">
   <subfield code="a">UP</subfield>
  </datafield>
  <datafield tag="950" ind1=" " ind2=" ">
   <subfield code="a">Paper</subfield>
  </datafield>
  <datafield tag="852" ind1="0" ind2=" ">
   <subfield code="a">UPD</subfield>
   <subfield code="b">DENG</subfield>
   <subfield code="h">LG 993 2004 E66</subfield>
   <subfield code="i">I54</subfield>
  </datafield>
  <datafield tag="942" ind1=" " ind2=" ">
   <subfield code="a">Thesis</subfield>
  </datafield>
 </record>
</collection>
